Statistiques concernant La Maison Targaryen ( Game of Thrones , House of Dragons )

Cliquez ici pour prendre le quiz!

Statistiques générales

  • Ce quiz a été pris 57 fois
  • Le résultat moyen est 11 sur 16

Statistiques - réponses

Réponse% Correct
Jon / Aegon
100%
Daenerys
96%
Aegon II
92%
Viserys
90%
Viserys I
90%
Aemon
88%
Daemon
82%
Rhaenyra
73%
Aemond
71%
Rhaegar
71%
Aerys II
67%
Rhaenys
63%
Baela
47%
Helaena
37%
Jaehaerys I
37%
Rhaena
33%

Distribution des résultats

Percentile par nombre de réponses

% des personnes avec chaque résultat

Votre développement - résultats

Vous n’avez pas pris ce quiz